000 00975nam a2200277Ia 4500
001 Para_773
003 CHAP
008 220125s1992 xx 000 0 und d
010 _a199462
040 _cCHAP
090 _aPA TESIS 745
100 _aNava Salado, Samuel
_980475
245 _aAnatox :
_b Programa de computo para analsis toxico de areas agricolas :
_b el caso de la zona algodonera del Estado de Campeche, 1990 y 1991 /
_c por Samuel Nava Salado
260 _aChapingo, Méx. :
_b el autor
300 _a70 h.
502 _aTesis (Ing. Agr. Esp. en Parasitología Agrícola ) UACh. Departamento Parasitología Agrícola
650 _aProgramación (computadoras) Algodón
_x Campeche
_9164688
710 _aUACh. Departamento Parasitología Agrícola
_9164025
901 _aPA TESIS 745
902 _aA
905 _a0000001992 0000000000 00
910 _a1992
942 _cPARA
942 _cPARA
_d1
999 _c199462
_d199462